00362pab a2200133 454500008004000000100001700040245008400057260000900141300001400150362001200164650001400176700001700190773002100207180718b2002 xxu||||| |||| 00| 0 eng d aYadava, R.C. aOn an indirect estimation of total fertility rate from open birth interval data c2002 ap.211-22. aJul-Dec aFertility aAnupam Kumar aDemography India